| 000 | 00479nai a22001337a 4500 | ||
|---|---|---|---|
| 999 |
_c45444 _d45444 |
||
| 003 | OSt | ||
| 005 | 20190220170909.0 | ||
| 008 | 190220b ||||| |||| 00| 0 eng d | ||
| 245 | _aAsia theological news | ||
| 260 |
_aSeoul, Korea : _bAsia Theological Association ; _cc1988. |
||
| 300 |
_amulti volume : _c27cm. |
||
| 500 | _aVol.4-7 1978-1981 Vol.8-11 1982-1985 Vol.II-III 1976-1983 Vol.4-5,7-9 1978-1983 Vol.10 1984 Vol.12-14 Nos.1-4 1986-1988 | ||
| 942 |
_2lcc _cCR |
||